|
|
|
|
| LEADER |
00000naa2a2200000 4500 |
| 001 |
603327 |
| 005 |
20260302164005.0 |
| 035 |
|
|
|a (RuTPU)RU\TPU\conf\511
|
| 035 |
|
|
|a RU\TPU\conf\419
|
| 090 |
|
|
|a 603327
|
| 100 |
|
|
|a 20140113d2013 k y0rusy50 ca
|
| 101 |
0 |
|
|a rus
|
| 102 |
|
|
|a RU
|
| 135 |
|
|
|a drcn ---uucaa
|
| 181 |
|
0 |
|a i
|
| 182 |
|
0 |
|a b
|
| 200 |
1 |
|
|a Организация обмена данными между Ms Excel и базой данных Oracle
|f Е. И. Вашкина
|
| 203 |
|
|
|a Текст
|c электронный
|
| 225 |
1 |
|
|a Технологии разработки и проектирования информационных систем
|
| 300 |
|
|
|a Заглавие с титульного листа.
|
| 320 |
|
|
|a [Библиогр.: с. 284 (3 назв.)]
|
| 330 |
|
|
|a In order to reduce time costs and influence of inevitable human factor the process of data entry should be automated.The article concerns automation of the process of data transfer from spreadsheets into the database using C# programming language and Visual Studio 2010.
|
| 337 |
|
|
|a Adobe Reader
|
| 463 |
|
1 |
|0 (RuTPU)RU\TPU\conf\40
|t Технологии Microsoft в теории и практике программирования
|o сборник трудов X Всероссийской научно-практической конференции студентов, аспирантов и молодых ученых, г.Томск, 19-20 марта 2013 г.
|f Национальный исследовательский Томский политехнический университет (ТПУ), Институт кибернетики ; ред. кол. А. В. Лиепиньш и др.
|v [С. 282-284]
|d 2013
|
| 610 |
1 |
|
|a электронный ресурс
|
| 610 |
1 |
|
|a труды учёных ТПУ
|
| 610 |
1 |
|
|a данные
|
| 610 |
1 |
|
|a обмен
|
| 610 |
1 |
|
|a MS Excel
|
| 610 |
1 |
|
|a Oracle
|
| 610 |
1 |
|
|a базы данных
|
| 610 |
1 |
|
|a приложения
|
| 610 |
1 |
|
|a перенос
|
| 610 |
1 |
|
|a электронные таблицы
|
| 610 |
1 |
|
|a Visual Studio 2010
|
| 700 |
|
1 |
|a Вашкина
|b Е. И.
|g Евгения Ивановна
|
| 801 |
|
2 |
|a RU
|b 63413507
|c 20230518
|g RCR
|
| 856 |
4 |
|
|u http://www.lib.tpu.ru/fulltext/c/2013/C28/111.pdf
|
| 942 |
|
|
|c BK
|